Fußballvereine von Chicharito - Statistiken

Allgemein
  • Dieses Quiz wurde 37 mal gespielt
  • Das Durchschnittsergebnis liegt bei 4 aus 8
Antwortstatistiken
Spiele Tore Vorlagen Verein % Korrekt
76 39 9 Bayer 04 Leverkusen
97%
157 59 16 Manchester United FC
94%
33 9 9 Real Madrid CF
62%
83 39 7 Los Angeles Galaxy
59%
63 17 1 West Ham United FC
38%
15 3 0 Sevilla FC
12%
114 32 10 Club Deportivo Guadalajara
9%
45 11 0 CD Tapatío
0%
Keine übereinstimmenden Quizze gefunden
Verteilung der Resultate
Anzahl Personen mit jedem Resultat
Perzentil nach korrekt beantworteten Fragen
Ihre Resultats-Entwicklung
Sie haben dieses Quiz noch nicht gespielt